| 000 | 00769nam a2200217 a 4500 | ||
|---|---|---|---|
| 003 | 0 | ||
| 005 | 20250203135730.0 | ||
| 008 | 130824s19uu xx 00 eng d | ||
| 050 |
_aPHS TH 9445.F5 _b.So693 2013 |
||
| 100 | _aSomeda, Maika | ||
| 245 |
_aEffect of homemade fire-retardant on the char depth and ignition time of plywood / _cMaika Someda. |
||
| 260 |
_aLas PiƱas City, Philippines : _bSouthville International School and Colleges, _c2013. |
||
| 300 |
_a25 p. : _bill. ; _c28 cm. |
||
| 504 | _aIncludes bibliographical references. | ||
| 650 |
_aPlywood _vFire resistance. |
||
| 650 | _aIgnition time of materials. | ||
| 650 | _aChar depth measurement. | ||
| 650 | _aHomemade fire-retardants. | ||
| 650 |
_aPlywood _vFire resistance. |
||
| 942 |
_2lcc _cPASS |
||
| 999 |
_c98943 _d98943 |
||